000 00521nam a2200181Ia 4500
005 20250326142707.0
008 250326s9999 xx 000 0 und d
037 _aTextbook
040 _aFMSL
_beng
_cFMSL
041 _aeng
_2eng
084 _aX8(A).1 M2
_qFMSL
100 _aTaylor P
_9746439
245 0 _aThird world policies of industrialized nations
_cTaylor P; Raymond G A
260 _aLondon
_bLondon, Green wood
_c1982
300 _a301p
942 _cTB
_hX8(A).1 M2
999 _c1296212
_d1296212